| 000 | 00657nam a22001937a 4500 | ||
|---|---|---|---|
| 999 |
_c8730 _d8730 |
||
| 003 | AR-CdUCM | ||
| 008 | 190325b ||||| |||| 00| 0 spa d | ||
| 040 |
_aMUNICIPALIDAD PROVINCIAL DEL CUSCO _cBIBLIOTECA MUNICIPAL DEL CUSCO |
||
| 082 |
_a801.860 / _bM26 |
||
| 100 |
_aAlonso, Martín _924370 |
||
| 245 | _aHistoria de la literatura mundial / | ||
| 260 |
_aMadrid : _bEdaf, _c1966. |
||
| 300 |
_a2 tomos ; _bIlustraciones, _c21 cm. |
||
| 505 | _aContenido: t.1. Mundo antiguo, medieval y renacentista -- t.2. Mundo neoclásico, romántico y contemporáneo. | ||
| 650 |
_aHistoria _9136 |
||
| 650 |
_aLiteratura _983 |
||
| 942 |
_2ddc _cLIBROS |
||
| 945 | _aacv | ||